| Tag |
First Indicator |
Second Indicator |
Subfields |
| LEADER |
00000cam a2200000Ia 4500 |
| 001 |
in00000022809 |
| 005 |
20151007064140.0 |
| 008 |
800705s1902 fr 000 0 fre d |
| 035 |
|
|
|a (OCoLC)ocm06484788
|
| 035 |
|
|
|a (OCoLC)06484788
|
| 035 |
|
|
|9 AAD9170AM
|
| 040 |
|
|
|a TXA
|c TXA
|d OCL
|d TXA
|d UtOrBLW
|
| 041 |
1 |
|
|a fre
|h ita
|
| 049 |
|
|
|a TXAM
|
| 090 |
|
|
|a TR210
|b .N36 1902b
|
| 092 |
|
|
|a 771
|b N174c2
|
| 100 |
1 |
|
|a Namias, Rodolphe.
|
| 245 |
1 |
0 |
|a Chimie photographique :
|b manuel théorique et pratique /
|c par Rodolphe Namias ; traduit sur la seconde édition Italienne par Ernest Jacquez.
|
| 264 |
|
1 |
|a Paris :
|b Gauthier-Villars,
|c 1902.
|
| 300 |
|
|
|a 496 pages ;
|c 21 cm.
|
| 336 |
|
|
|a text
|b txt
|2 rdacontent
|
| 337 |
|
|
|a unmediated
|b n
|2 rdamedia
|
| 338 |
|
|
|a volume
|b nc
|2 rdacarrier
|
| 650 |
|
0 |
|a Photographic chemistry.
|
| 949 |
|
|
|a updated
|b h
|c 2005/11/28
|e fpiscitelli
|f 5:41:16 pm
|
| 994 |
|
|
|a C0
|b TXA
|
| 999 |
|
|
|a MARS
|
| 999 |
f |
f |
|s 47ab48fb-31cc-391a-89c1-4e8b20d304f9
|i 1a528eeb-fbd6-3206-aece-e75b0667a6f5
|t 0
|
| 952 |
f |
f |
|p ric
|a Texas A&M University
|b Rellis Campus
|c Joint Library Facility
|d Remote Storage
|t 0
|e TR210 .N36 1902b
|h Library of Congress classification
|i unmediated -- volume
|m A14801160868
|
| 998 |
f |
f |
|a TR210 .N36 1902b
|t 0
|l Remote Storage
|